00405 a2200121 450000500170000002000170001708200170003410000160005124500350006726000420010230000580014485600810020220250605085717.0 a0-340-799811 aLECT 658 MAR aMARCOUSE, I aA-Z Business studies work-book aLondon, bHodder & Stoughton, c2002. av, 233p.: ill.; chart, figure, graph, table. c25cm.  yAccess online bookfA-Z Business studies work-bookdwww.hodderheadline.co.uk